Познавательные процессы ребенка в контексте музейной деятельности; Прогрессивные технологии и экономика в машиностроении

Bibliografische gegevens
Parent link:Прогрессивные технологии и экономика в машиностроении.— 2015.— [С. 461-463]
Hoofdauteur: Ющенко В. С.
Coauteur: Национальный исследовательский Томский политехнический университет (ТПУ) Юргинский технологический институт (филиал) (ЮТИ) Кафедра гуманитарного образования и иностранных языков (ГОИЯ)
Andere auteurs: Воробьева Т. В. Татьяна Викторовна (научный руководитель)
Samenvatting:Заглавие с экрана
Taal:Russisch
Gepubliceerd in: 2015
Reeks:Гуманитарные проблемы в науке и технике
Onderwerpen:
Online toegang:http://earchive.tpu.ru/handle/11683/17746
http://www.lib.tpu.ru/fulltext/c/2015/C57/201.pdf
Formaat: MixedMaterials Elektronisch Hoofdstuk
KOHA link:https://koha.lib.tpu.ru/cgi-bin/koha/opac-detail.pl?biblionumber=611893

MARC

LEADER 00000naa2a2200000 4500
001 611893
005 20260417131500.0
035 |a (RuTPU)RU\TPU\conf\9740 
035 |a RU\TPU\conf\9736 
090 |a 611893 
100 |a 20150423d2015 k y0rusy50 ca 
101 0 |a rus 
102 |a RU 
135 |a drgn ---uucaa 
181 0 |a i  
182 0 |a b 
200 1 |a Познавательные процессы ребенка в контексте музейной деятельности  |f В. С. Ющенко  |g науч. рук. Т. В. Воробьева 
203 |a Текст  |c электронный 
215 |a 1 файл(272 Кб) 
225 1 |a Гуманитарные проблемы в науке и технике 
300 |a Заглавие с экрана 
320 |a [Библиогр.: с. 463 (3 назв.)] 
337 |a Adobe Reader 
463 1 |0 (RuTPU)RU\TPU\conf\9525  |t Прогрессивные технологии и экономика в машиностроении  |o сборник трудов VI Всероссийской научно-практической конференции для студентов и учащейся молодежи, 9-11 апреля 2015 г., Юрга  |f Национальный исследовательский Томский политехнический университет (ТПУ), Юргинский технологический институт (ЮТИ) ; под ред. Д. А. Чинахова  |v [С. 461-463]  |d 2015 
610 1 |a электронный ресурс 
610 1 |a труды учёных ТПУ 
610 1 |a познавательные процессы 
610 1 |a музейная деятельность 
700 1 |a Ющенко  |b В. С. 
702 1 |a Воробьева  |b Т. В.  |c специалист в области культурологии и социальной коммуникации  |c доцент Юргинского технологического института Томского политехнического университета, кандидат культурологии  |f 1976-  |g Татьяна Викторовна  |4 727  |9 16352 
712 0 2 |a Национальный исследовательский Томский политехнический университет (ТПУ)  |b Юргинский технологический институт (филиал) (ЮТИ)  |b Кафедра гуманитарного образования и иностранных языков (ГОИЯ)  |3 (RuTPU)RU\TPU\col\18978 
801 1 |a RU  |b 63413507  |c 20101016 
801 2 |a RU  |b 63413507  |c 20210212  |g RCR 
856 4 |u http://earchive.tpu.ru/handle/11683/17746 
856 4 |u http://www.lib.tpu.ru/fulltext/c/2015/C57/201.pdf 
942 |c BK